| 000 | 00578nam a22001937a 4500 | ||
|---|---|---|---|
| 999 |
_c2472 _d2472 |
||
| 003 | AR-CdUCM | ||
| 008 | 190304b ||||| |||| 00| 0 spa d | ||
| 040 |
_aMUNICIPALIDAD PROVINCIAL DEL CUSCO _cBIBLIOTECA MUNICIPAL DEL CUSCO |
||
| 082 |
_a868.672 / _bAL36 |
||
| 100 |
_aAlberti, Rafael, _98832 |
||
| 245 |
_aTítulo:La arboleda perdida : _blibros I y II de memorias / |
||
| 260 |
_aArgentina : _bFabril, _c1959. |
||
| 300 |
_a330 páginas ; _c20 cm. |
||
| 650 |
_aLiteratura _983 |
||
| 650 |
_aMemorias _9235 |
||
| 650 |
_aNovela _95 |
||
| 942 |
_2ddc _cLIBROS |
||
| 945 | _admma | ||